|
|
|
|
| LEADER |
01454nam a22002777a 4500 |
| 001 |
33024 |
| 003 |
BD-DhAAL |
| 005 |
20180419130630.0 |
| 008 |
180419t2008 bg a|||| |||| 00| 0dben d |
| 999 |
|
|
|c 39291
|d 39291
|
| 020 |
|
|
|a 9843000016135
|
| 040 |
|
|
|a BD-DhAAL
|
| 041 |
|
|
|a BEN
|
| 082 |
|
|
|a 954.9205
|2 22
|
| 100 |
|
|
|a জহির, কাজী সাজ্জাদ আলী,
|c লেফটেন্যান্ট কর্নেল,
|d ১৯৫১-
|9 25655
|
| 245 |
|
|
|a বীরশ্রেষ্ঠ হামিদুরের দেশে ফেরা /
|c কাজী সাজ্জাদ আলী জহির
|
| 260 |
|
|
|a ঢাকা :
|b স্বরাজ প্রকাশনী,
|c ২০০৮
|
| 300 |
|
|
|a ৯৬ পৃষ্ঠা :
|b চিত্র ;
|c ২২ সে. মি.
|
| 526 |
|
|
|a AAL
|
| 541 |
|
|
|a Development Book Agency
|e 33024
|
| 600 |
|
|
|a রহমান, হামিদুর,
|c বীরশ্রেষ্ঠ সিপাহী,
|d ১৯৫৩-১৯৭১
|9 25656
|
| 651 |
|
|
|a Bangladesh
|x History
|y Revolution, 1971
|9 25657
|
| 651 |
|
|
|a বাংলাদেশ
|x ইতিহাস
|y মুক্তিযুদ্ধ, ১৯৭১
|9 25658
|
| 852 |
|
|
|a Ayesha Abed Library
|c Bangabandhu Corner
|
| 942 |
|
|
|2 ddc
|c BK
|
| 952 |
|
|
|0 0
|1 0
|2 ddc
|4 0
|6 954_920500000000000_JAH
|7 0
|9 63224
|a BRACUL
|b BRACUL
|c BNC
|d 2018-04-18
|e Development Book Agency
|g 127.50
|l 1
|o 954.9205 JAH
|p 3010033024
|r 2020-01-29
|s 2020-01-25
|t 1
|v 150.00
|w 2018-04-18
|y BK
|